| 000 | 00536nam a2200217Ia 4500 | ||
|---|---|---|---|
| 003 | 0100 | ||
| 008 | 130227s9999 xx 000 0 und d | ||
| 040 | _cARRUPELIB | ||
| 050 | _aHX39.5M689 1981 | ||
| 100 | _aBottomore, Tom | ||
| 245 | _aModern interpretations of Marx | ||
| 260 | _aOxford | ||
| 260 | _bBasil Blackwell | ||
| 260 | _C1981 | ||
| 300 | _a218p. | ||
| 300 | _b 22cm. | ||
| 650 | _bEducation - Great Britain | ||
| 650 | _cEducation & state - Great Britain | ||
| 650 | _dEducation - Philosophy | ||
| 942 |
_2lcc _01 |
||
| 999 |
_c5494 _d5494 |
||